000 nam a22 7a 4500
999 _c30355
_d30355
008 190520b xxu||||| |||| 00| 0 eng d
020 _a9789966082930
050 _aBX 2215
_b.H57 1991
100 _aHirmer,Oswald.
245 _aOur joy in being catholic /
_cOswald Hirmer.
260 _aKenya :
_bPaulines Publications Africa,
_c1991.
300 _a160p. :
_bill. ;
_c21cm.
650 _acatholic
_vcustoms and beliefs.
942 _2lcc
_cBOOKS
_hBX 2215 .H57 1991